[Event "41st Olympiad Women 2014"]
[Site "Tromso NOR"]
[Date "2014.08.05"]
[Round "4.27"]
[Board "4"]
[White "Borsuk, Angela"]
[Black "Vasquez Ramirez, Rocio"]
[Result "1-0"]
[WhiteTitle "IM"]
[BlackTitle "WIM"]
[WhiteElo "2198"]
[BlackElo "2122"]
[WhiteTeam "Israel"]
[BlackTeam "Ecuador"]
[WhiteFideId "2806452"]
[BlackFideId "3600750"]
[EventDate "2014.08.02"]

1. d4 d5 2. Nf3 Nf6 3. e3 e6 4. Bd3 c5 5. b3 a6 6. O-O Nbd7 7. Nbd2 b5 8. c4
bxc4 9. bxc4 Bb7 10. Qa4 Bd6 11. cxd5 exd5 12. dxc5 Bxc5 13. Rb1 Qc7 14. Bb2 Bc6
15. Qc2 Qd6 16. Nb3 Ba4 17. Rfc1 Ba3 18. Qc3 Bxb2 19. Rxb2 O-O 20. Qa5 Bxb3 21.
Rxb3 Rfc8 22. Rbc3 Rxc3 23. Qxc3 g6 24. g3 a5 25. a4 Ne4 26. Qc6 Qxc6 27. Rxc6
Kg7 28. Bb5 Ra7 29. Kf1 h5 30. Ke2 Ndc5 31. Ke1 Nb3 32. Ne5 Re7 33. Nd3 Nbd2 34.
Ke2 Nb3 35. f3 Ng5 36. Kf2 Nh3+ 37. Kg2 Ng5 38. h4 Ne6 39. Kf2 Rc7 40. Rxc7 Nxc7
41. Ke2 f5 42. Kd1 Nxb5 43. axb5 a4 44. Kc2 d4 45. b6 dxe3 46. b7 Nd4+ 47. Kb2
Nc6 48. Ka3 Kf6 49. Kxa4 Ke6 50. Kb5 Kd6 51. Ne5 Nb8 52. Nc4+ Kc7 53. Nxe3 Kxb7
54. Kc5 Nc6 55. Kd6 f4 56. gxf4 Nd4 57. Ke7 Nxf3 58. Ng2 Kc6 59. Kf6 Kd5 60.
Kxg6 Ke4 61. f5 Ne5+ 62. Kf6 Ng4+ 63. Ke6 Kf3 64. f6 Nh6 65. f7 Nxf7 66. Kxf7
Kxg2 67. Kg6 Kg3 68. Kxh5 1-0

[Event "41st Olympiad Women 2014"]
[Site "Tromso NOR"]
[Date "2014.08.05"]
[Round "4.28"]
[Board "1"]
[White "Narva, Mai"]
[Black "Mouradian, Knarik"]
[Result "0-1"]
[WhiteTitle "WCM"]
[BlackTitle "WIM"]
[WhiteElo "2205"]
[BlackElo "2188"]
[WhiteTeam "Estonia"]
[BlackTeam "Lebanon"]
[WhiteFideId "4500512"]
[BlackFideId "5300517"]
[EventDate "2014.08.02"]

1. e4 c5 2. Nf3 d6 3. Bb5+ Bd7 4. Bxd7+ Qxd7 5. c4 e5 6. O-O g6 7. Nc3 Bg7 8. d3
Ne7 9. Bg5 f6 10. Be3 O-O 11. Nd2 Nbc6 12. f4 Nd4 13. Kh1 Rae8 14. Ne2 f5 15.
Bxd4 exd4 16. Ng3 Bh6 17. exf5 Nxf5 18. Nxf5 Rxf5 19. Qg4 d5 20. cxd5 Qxd5 21.
Qh4 Re2 22. Ne4 c4 23. Rg1 Kg7 24. Qe7+ Rf7 25. Nf6 Qxg2+ 26. Rxg2 Rfxe7 27. Nd5
Rxg2 28. Kxg2 Re2+ 29. Kf3 cxd3 30. Rd1 Rxb2 31. Rxd3 Rxh2 32. Rxd4 Rxa2 33. Re4
Rd2 34. Re7+ Kf8 35. Rd7 Rb2 36. Nf6 Rb6 37. Nd5 Rb1 38. Ke4 Re1+ 39. Kf3 Rb1
40. Ke4 a5 41. Ke5 Bg7+ 42. Ke6 Re1+ 43. Kd6 a4 44. Rxb7 a3 45. Ra7 Bb2 46. Nc7
Rd1+ 47. Kc6 h5 48. Ne6+ Ke8 49. Ng5 h4 50. Ra8+ Rd8 51. Ra4 Rb8 52. Kc7 Rb5 53.
Kc6 Rxg5 54. fxg5 h3 55. Kd6 h2 56. Ra8+ Kf7 57. Ra7+ Kg8 0-1

[Event "41st Olympiad Women 2014"]
[Site "Tromso NOR"]
[Date "2014.08.05"]
[Round "4.28"]
[Board "2"]
[White "Nekrasova, Elena"]
[Black "Tsiganova, Monika"]
[Result "0-1"]
[WhiteTitle "WFM"]
[BlackTitle "WIM"]
[WhiteElo "2076"]
[BlackElo "2094"]
[WhiteTeam "Lebanon"]
[BlackTeam "Estonia"]
[WhiteFideId "14100908"]
[BlackFideId "4500199"]
[EventDate "2014.08.02"]

1. e4 c5 2. Nf3 d6 3. d4 cxd4 4. Nxd4 Nf6 5. Nc3 a6 6. f3 e5 7. Nb3 Be6 8. Be3
h5 9. Qd2 Nbd7 10. Nd5 Bxd5 11. exd5 b5 12. a4 b4 13. Bc4 Nb6 14. Na5 Qc7 15.
Bb3 Rc8 16. Qd3 Nbxd5 17. Bxd5 Qxa5 18. Bb7 Rc7 19. Bxa6 Be7 20. Bb5+ Kf8 21.
O-O g6 22. f4 e4 23. Qd4 d5 24. Qe5 h4 25. f5 Rh5 26. Be2 Nd7 27. Qf4 g5 28. Qg4
Rh7 29. f6 Bxf6 30. Bxg5 Bxb2 31. Qf5 Rg7 32. Rad1 Ne5 33. Bf6 Nf3+ 34. Bxf3
Qb6+ 35. Kh1 Bxf6 36. Bxe4 dxe4 37. Qxf6 Qxf6 38. Rxf6 Rxc2 39. Rf4 Rgxg2 40.
Rxh4 Rgd2 41. Rxd2 Rxd2 42. Rxe4 b3 43. Rb4 b2 44. a5 Rd1+ 0-1

[Event "41st Olympiad Women 2014"]
[Site "Tromso NOR"]
[Date "2014.08.05"]
[Round "4.28"]
[Board "3"]
[White "Narva, Triin"]
[Black "Jalloul, Maya M."]
[Result "1-0"]
[WhiteTitle "WCM"]
[BlackTitle "WFM"]
[WhiteElo "2068"]
[BlackElo "1922"]
[WhiteTeam "Estonia"]
[BlackTeam "Lebanon"]
[WhiteFideId "4502680"]
[BlackFideId "5300800"]
[EventDate "2014.08.02"]

1. e4 c5 2. Nf3 d6 3. Bb5+ Bd7 4. Bxd7+ Qxd7 5. c4 e5 6. Nc3 g6 7. d3 Bg7 8. O-O
Ne7 9. Bg5 O-O 10. Bxe7 Qxe7 11. Nd5 Qd8 12. a3 Nc6 13. b4 f5 14. Rb1 b6 15. Nd2
f4 16. Qg4 Nd4 17. h4 h5 18. Qh3 Bf6 19. Nf3 Nxf3+ 20. gxf3 Bxh4 21. bxc5 dxc5
22. Qe6+ Kh7 23. Qxe5 Qg5+ 24. Qxg5 Bxg5 25. Nc7 Rad8 26. Ne6 Bf6 27. Nxf8+ Rxf8
28. a4 Bc3 29. Rfc1 Ba5 30. Rd1 Rd8 31. Rb2 Kg7 32. Kf1 Kf6 33. Ke2 Ke5 34. Rg1
Rd6 35. Rb3 Bb4 36. Kd1 Ba5 37. Kc2 Kf6 38. Rbb1 g5 39. e5+ Kxe5 40. Rxg5+ Kf6
41. Rxh5 Re6 42. Rh6+ Kf5 43. Rxe6 Kxe6 44. Rh1 Kd6 45. Rh6+ Ke5 46. Rh7 a6 47.
Ra7 Kf5 48. Rxa6 Ke5 49. Rxa5 bxa5 50. Kc3 Ke6 51. d4 Kd6 52. Kd3 Ke6 53. dxc5
Kd7 54. Ke4 Kc6 55. Kd4 1-0

[Event "41st Olympiad Women 2014"]
[Site "Tromso NOR"]
[Date "2014.08.05"]
[Round "4.28"]
[Board "4"]
[White "Bedrosian, Danielle"]
[Black "Fomina, Tatyana"]
[Result "0-1"]
[BlackTitle "WIM"]
[WhiteElo "1715"]
[BlackElo "2216"]
[WhiteTeam "Lebanon"]
[BlackTeam "Estonia"]
[WhiteFideId "5300479"]
[BlackFideId "4500156"]
[EventDate "2014.08.02"]

1. c4 e5 2. Nc3 Nf6 3. g3 Bb4 4. Bg2 c6 5. e4 O-O 6. Nge2 d6 7. O-O Be6 8. d3
Qc8 9. a3 Bxc3 10. Nxc3 Bh3 11. Bg5 Bxg2 12. Kxg2 Nbd7 13. b4 h6 14. Be3 d5 15.
cxd5 cxd5 16. Nxd5 Nxd5 17. exd5 Nf6 18. Qf3 Qd8 19. Rac1 Qxd5 20. Qxd5 Nxd5 21.
Rc5 Rfd8 22. Kf3 b6 23. Rc4 Rd7 24. Rfc1 f5 25. Ke2 Kf7 26. f3 Re8 27. Rf1 Nc7
28. Rfc1 Nb5 29. a4 Nd4+ 30. Bxd4 exd4+ 31. Kd2 Re6 32. Re1 Rf6 33. f4 g5 34.
fxg5 hxg5 35. Re5 Kg6 36. Ke2 Rh7 37. Rxd4 Rxh2+ 38. Kf3 g4+ 39. Ke3 Rg2 40. Rf4
Rxg3+ 41. Ke2 Kg5 42. Rf2 Rh3 43. a5 g3 44. Rg2 Kg4 45. Re7 bxa5 46. bxa5 Ra6
47. Ke3 Rg6 48. Ke2 f4 49. Re4 Rh2 50. Kf1 Kf3 51. Ree2 Rh1+ 0-1

[Event "41st Olympiad Women 2014"]
[Site "Tromso NOR"]
[Date "2014.08.05"]
[Round "4.29"]
[Board "1"]
[White "Sanchez Castillo, Sarai Carolina"]
[Black "Ptacnikova, Lenka"]
[Result "1-0"]
[WhiteTitle "IM"]
[BlackTitle "WGM"]
[WhiteElo "2207"]
[BlackElo "2273"]
[WhiteTeam "Venezuela"]
[BlackTeam "Iceland"]
[WhiteFideId "3900754"]
[BlackFideId "305650"]
[EventDate "2014.08.02"]

1. e4 g6 2. d4 Bg7 3. Nc3 c6 4. Nf3 d6 5. Bc4 e6 6. Bg5 Qa5 7. O-O Nd7 8. d5
cxd5 9. exd5 e5 10. Nb5 Bf8 11. b4 Qb6 12. a4 f6 13. Be3 Qd8 14. Nxa7 Bh6 15.
Nb5 Ke7 16. Qd2 Bxe3 17. Qxe3 h5 18. Nh4 Nf8 19. f4 Nh6 20. fxe5 Ng4 21. exf6+
Kf7 22. Qe7+ Qxe7 23. fxe7+ Kxe7 24. Rxf8 Kxf8 25. Nxg6+ Kg7 26. Nxh8 1-0

[Event "41st Olympiad Women 2014"]
[Site "Tromso NOR"]
[Date "2014.08.05"]
[Round "4.29"]
[Board "2"]
[White "Thorsteinsdottir, Hallgerdur"]
[Black "Gutierrez Salazar, Leonela"]
[Result "1/2-1/2"]
[BlackTitle "WFM"]
[WhiteElo "1982"]
[BlackElo "2096"]
[WhiteTeam "Iceland"]
[BlackTeam "Venezuela"]
[WhiteFideId "2302454"]
[BlackFideId "3900401"]
[EventDate "2014.08.02"]

1. e4 c5 2. Nf3 d6 3. Bb5+ Bd7 4. Bxd7+ Qxd7 5. c4 Nc6 6. Nc3 Nf6 7. O-O e6 8.
d4 cxd4 9. Nxd4 Be7 10. b3 O-O 11. Bb2 Rfd8 12. Qd2 d5 13. cxd5 exd5 14. exd5
Nxd5 15. Nxc6 Qxc6 16. Rfd1 Nxc3 17. Qxc3 Qxc3 18. Bxc3 h6 19. g3 Rac8 20. Rxd8+
Bxd8 21. Rd1 Bb6 22. Rd3 h5 23. h4 Kh7 24. Kg2 Kg6 25. Kf3 f6 26. Bd2 Kf5 27.
Be3 Bxe3 28. Rxe3 Rc7 29. Rd3 Ke5 30. Ke3 g5 31. hxg5 fxg5 32. f4+ gxf4+ 33.
gxf4+ Ke6 34. Ke4 Rc2 35. f5+ Ke7 36. Rh3 Rxa2 37. Rxh5 b6 38. Rh7+ Kf6 39. Rh6+
Ke7 40. Kd5 Rd2+ 41. Kc4 Rc2+ 42. Kb4 Ra2 43. Kb5 Ra5+ 44. Kc6 Rc5+ 45. Kb7 Rb5
46. Kxa7 1/2-1/2

[Event "41st Olympiad Women 2014"]
[Site "Tromso NOR"]
[Date "2014.08.05"]
[Round "4.29"]
[Board "3"]
[White "Montilla, Jorcerys"]
[Black "Johannsdottir, Johanna Bjorg"]
[Result "1-0"]
[WhiteTitle "WIM"]
[WhiteElo "2118"]
[BlackElo "1862"]
[WhiteTeam "Venezuela"]
[BlackTeam "Iceland"]
[WhiteFideId "3900517"]
[BlackFideId "2303108"]
[EventDate "2014.08.02"]

1. d4 Nf6 2. c4 g6 3. Nc3 Bg7 4. e4 d6 5. f4 O-O 6. Nf3 c5 7. d5 e6 8. Be2 exd5
9. cxd5 Bg4 10. O-O Nbd7 11. h3 Bxf3 12. Bxf3 a6 13. a4 Rb8 14. a5 Re8 15. Re1
b5 16. axb6 Rxb6 17. Qe2 Qc8 18. Be3 Qb7 19. Bf2 Rxb2 20. Qxa6 Qb3 21. Nd1 Rd2
22. Qxd6 Bf8 23. Qc6 c4 24. e5 Bc5 25. Bxc5 Nxc5 26. Qxc5 Nh5 27. Bxh5 gxh5 28.
Ra3 Qb7 29. Rg3+ Kh8 30. Qd6 Qa7+ 31. Ne3 1-0

[Event "41st Olympiad Women 2014"]
[Site "Tromso NOR"]
[Date "2014.08.05"]
[Round "4.29"]
[Board "4"]
[White "Kristinardottir, Elsa Maria"]
[Black "Varela La Madrid, Tilsia Carolin"]
[Result "0-1"]
[BlackTitle "WIM"]
[WhiteElo "1839"]
[BlackElo "2008"]
[WhiteTeam "Iceland"]
[BlackTeam "Venezuela"]
[WhiteFideId "2300370"]
[BlackFideId "3903001"]
[EventDate "2014.08.02"]

1. e4 e5 2. Nf3 Nc6 3. Bc4 Bc5 4. c3 Nf6 5. d4 exd4 6. e5 d5 7. Bb5 Ne4 8. cxd4
Bb6 9. Bxc6+ bxc6 10. Qa4 Bd7 11. e6 fxe6 12. Ne5 c5 13. Qd1 O-O 14. O-O cxd4
15. Qd3 Rf5 16. Nxd7 Qxd7 17. Nd2 Nxd2 18. Bxd2 e5 19. f3 Re8 20. Rfe1 Qe6 21.
a4 e4 22. Qb5 d3+ 23. Kh1 Bf2 24. Rec1 e3 25. Qxd3 exd2 26. Rf1 Be1 27. h3 Rh5
28. Kh2 Qe2 29. Qxe2 Rxe2 30. f4 Rf5 31. Rf3 g5 32. Rb3 gxf4 33. Kg1 Bg3 0-1

[Event "41st Olympiad Women 2014"]
[Site "Tromso NOR"]
[Date "2014.08.05"]
[Round "4.30"]
[Board "1"]
[White "Arakhamia-Grant, Ketevan"]
[Black "Kurbonboeva, Sarvinoz"]
[Result "1-0"]
[WhiteTitle "GM"]
[BlackTitle "WFM"]
[WhiteElo "2394"]
[BlackElo "2228"]
[WhiteTeam "Scotland"]
[BlackTeam "Uzbekistan"]
[WhiteFideId "13600168"]
[BlackFideId "14201780"]
[EventDate "2014.08.02"]

1. e4 c5 2. Nf3 g6 3. c4 Nc6 4. d4 cxd4 5. Nxd4 Nf6 6. Nc3 d6 7. Nc2 Bg7 8. Be2
O-O 9. O-O Be6 10. f3 a5 11. Be3 a4 12. Qd2 Nd7 13. Rac1 Qa5 14. Na3 Rfc8 15.
Rfd1 Nce5 16. Nd5 Qxd2 17. Rxd2 Bxd5 18. exd5 Nc5 19. Nb5 Kf8 20. Rb1 Ned7 21.
b4 axb3 22. axb3 Ra1 23. Rxa1 Bxa1 24. Ra2 Bf6 25. b4 Na6 26. Ra4 Ne5 27. Na3
Nd7 28. Nb5 Ne5 29. Na7 Ra8 30. f4 Nd7 31. Bg4 Ke8 32. Nb5 Rd8 33. Kf2 Bg7 34.
Be2 f5 35. Nd4 Rc8 36. Ne6 Bc3 37. b5 Nac5 38. Ra7 b6 39. g4 Kf7 40. Ng5+ Kg8
41. gxf5 h6 42. Ne6 gxf5 43. Nxc5 Nxc5 44. Rxe7 Kf8 45. Ra7 Re8 46. Bxc5 dxc5
47. Bd3 Bd2 48. Bxf5 Bxf4 49. h3 Re7 50. Ra6 Rb7 51. Bc8 Rb8 52. Be6 Ke7 53.
Ra7+ Kf6 54. Rf7+ Ke5 55. Kf3 Bg5 56. Rf5+ Kd6 57. Ke4 Be7 58. Rh5 Rh8 59. Bg4
Bg5 60. h4 Bf6 61. Be6 Be7 62. Ke3 Bd8 63. Ke4 Be7 64. Bf7 Rh7 65. Bg6 Rh8 66.
Re5 Bxh4 67. Re6+ Kc7 68. Rc6+ Kb7 69. d6 Rf8 70. Rc7+ Kb8 71. Bf7 Rd8 72. Rc6
Kb7 73. Kd5 Bg3 74. Ke6 Rc8 75. Kd7 Rh8 76. Bd5 Rh7+ 77. Ke6 Rh8 78. Rc7+ Kb8
79. Rb7+ Kc8 80. Ra7 Re8+ 81. Kf7 Re1 82. d7+ Kd8 83. Bc6 Rf1+ 84. Ke6 Re1+ 85.
Kf5 Ke7 86. Ra8 Rf1+ 87. Kg4 Bc7 88. Re8+ Kd6 89. d8=Q+ Bxd8 90. Rxd8+ Ke5 91.
Rd5+ Ke6 92. Rh5 Rf6 93. Be4 Kd6 94. Bd5 Ke7 95. Re5+ Kd6 96. Re8 Kc7 97. Kh5
Kd6 98. Rh8 Ke5 99. Rxh6 Rf5+ 100. Kg4 Rf4+ 101. Kg3 1-0

[Event "41st Olympiad Women 2014"]
[Site "Tromso NOR"]
[Date "2014.08.05"]
[Round "4.30"]
[Board "2"]
[White "Gevorgyan, Irina"]
[Black "Bamber, Elaine"]
[Result "0-1"]
[WhiteTitle "WFM"]
[BlackTitle "WFM"]
[WhiteElo "2141"]
[BlackElo "2077"]
[WhiteTeam "Uzbekistan"]
[BlackTeam "Scotland"]
[WhiteFideId "14201437"]
[BlackFideId "2401428"]
[EventDate "2014.08.02"]

1. d4 d5 2. c4 e6 3. Nc3 Be7 4. Nf3 Nf6 5. cxd5 exd5 6. Bg5 O-O 7. e3 Re8 8. Qc2
Nc6 9. Be2 h6 10. Bh4 Nb4 11. Qd1 Bf5 12. O-O a5 13. a3 Na6 14. Bxf6 Bxf6 15.
Qb3 Be6 16. Qxb7 Qd6 17. Qb3 c5 18. Bxa6 Rxa6 19. Nb5 Qd7 20. a4 c4 21. Qc3 Bh3
22. Ne1 Bg4 23. Qd2 Be7 24. f3 Bg5 25. f4 Be7 26. Nf3 Bb4 27. Nc3 Bf5 28. Rfe1
Rb6 29. Qf2 f6 30. Ra2 Bd3 31. Nd2 Rbe6 32. Qf3 Kf8 33. Raa1 Bc2 34. Kf2 Bxa4
35. f5 Rd6 36. Nxa4 Bxd2 37. Re2 Bb4 38. Nc5 Bxc5 39. dxc5 Rc6 40. Rxa5 Re5 41.
g4 Rc8 42. Ra1 Rce8 43. Rd1 Re4 44. Qg3 R4e5 45. Rd4 Qc6 46. Qf4 Qxc5 47. h3 Qa7
48. Rd1 Rb8 49. Qd4 Qa5 50. Rdd2 Rb3 51. Kg2 Qc7 52. Qf4 Qe7 53. e4 dxe4 54. Rd4
Qb7 55. Rxc4 Rxb2 56. Rxb2 Qxb2+ 57. Qf2 Qb7 58. Qc2 e3+ 59. Kg3 Re8 60. Qe2 Qd5
61. Rf4 Qe5 62. Kf3 Qd5+ 63. Kg3 Qd6 64. Kf3 Qc6+ 65. Kg3 Qc1 66. Rf1 Qc3 67.
Rf3 Qd2 0-1

[Event "41st Olympiad Women 2014"]
[Site "Tromso NOR"]
[Date "2014.08.05"]
[Round "4.30"]
[Board "3"]
[White "Roy, Ali"]
[Black "Baymuratova, Sevara"]
[Result "0-1"]
[BlackTitle "WFM"]
[WhiteElo "1913"]
[BlackElo "2127"]
[WhiteTeam "Scotland"]
[BlackTeam "Uzbekistan"]
[WhiteFideId "2400456"]
[BlackFideId "14202182"]
[EventDate "2014.08.02"]

1. e4 c5 2. Nf3 Nc6 3. c3 Nf6 4. e5 Nd5 5. d4 cxd4 6. cxd4 e6 7. Be2 d6 8. Nbd2
Nf4 9. O-O Nxe2+ 10. Qxe2 d5 11. Rd1 Be7 12. Nf1 b6 13. Be3 O-O 14. Rac1 Bb7 15.
N3d2 Qd7 16. f4 Rfc8 17. a3 a5 18. g4 Bf8 19. Ng3 Ne7 20. Nf3 Ba6 21. Qd2 a4 22.
Nh4 Nc6 23. f5 Na5 24. Rxc8 Rxc8 25. Qf2 Rc7 26. Rc1 Rxc1+ 27. Bxc1 Qc6 28. Bf4
Nb3 29. f6 Nxd4 30. fxg7 Bc5 31. Be3 Nc2 32. Bxc5 Qxc5 33. Nh5 Bd3 34. Ng2 Bg6
35. Ngf4 Ne1 36. Kf1 Qxf2+ 37. Kxf2 Nd3+ 38. Nxd3 Bxd3 39. Ke3 Bg6 40. Nf6+ Kxg7
41. Ne8+ Kh6 42. h4 f5 43. g5+ Kh5 44. Ng7+ Kxh4 45. Nxe6 Kg3 46. Nd4 f4+ 47.
Kd2 Kg4 48. e6 Kxg5 49. Ke2 Bh5+ 50. Kf2 Kf6 0-1

[Event "41st Olympiad Women 2014"]
[Site "Tromso NOR"]
[Date "2014.08.05"]
[Round "4.30"]
[Board "4"]
[White "Sabirova, Olga"]
[Black "Durno, Joy"]
[Result "1-0"]
[WhiteTitle "WIM"]
[BlackTitle "WFM"]
[WhiteElo "2099"]
[BlackElo "1862"]
[WhiteTeam "Uzbekistan"]
[BlackTeam "Scotland"]
[WhiteFideId "14200201"]
[BlackFideId "2403501"]
[EventDate "2014.08.02"]

1. e4 c5 2. d3 Nc6 3. g3 g6 4. Bg2 Bg7 5. f4 d6 6. Nf3 e6 7. O-O Nge7 8. c3 b6
9. Be3 O-O 10. Bf2 Ba6 11. Re1 d5 12. e5 f6 13. exf6 Rxf6 14. Na3 Rb8 15. Nc2
Bc8 16. d4 c4 17. Ne5 Qc7 18. h4 h5 19. Ne3 Bd7 20. Bh3 Rbf8 21. Qe2 Nxe5 22.
dxe5 R6f7 23. Nc2 Nc6 24. Bd4 Re8 25. Rf1 Ref8 26. Na3 Nd8 27. Nb1 Qc8 28. Nd2
Nb7 29. b3 cxb3 30. axb3 a5 31. Qd3 Kh7 32. Bxb6 Qa8 33. Nf3 Bh6 34. Nd4 Re7 35.
Bxa5 Nxa5 36. b4 Qb7 37. Rxa5 Rc8 38. Rfa1 Rc4 39. Ra7 Qc8 40. R1a3 Bg7 41. Bf1
Qe8 42. Be2 Kh6 43. Qe3 1-0

[Event "41st Olympiad Women 2014"]
[Site "Tromso NOR"]
[Date "2014.08.05"]
[Round "4.31"]
[Board "1"]
[White "Nguyen, Thu Giang"]
[Black "Richards, Deborah"]
[Result "1-0"]
[WhiteTitle "WFM"]
[BlackTitle "WIM"]
[WhiteElo "2165"]
[BlackElo "2024"]
[WhiteTeam "Australia"]
[BlackTeam "Jamaica"]
[WhiteFideId "12400980"]
[BlackFideId "7400446"]
[EventDate "2014.08.02"]

1. e4 c5 2. b3 Nc6 3. Bb2 Nf6 4. e5 Ng8 5. Nf3 e6 6. Nc3 a6 7. Ne4 Nh6 8. c4 Nf5
9. Bd3 Be7 10. h4 Nfd4 11. Nxd4 cxd4 12. f4 d6 13. Qg4 O-O 14. Ng5 h6 15. Nf3 f5
16. Qg3 dxe5 17. fxe5 b6 18. Qf4 Bc5 19. a3 a5 20. Rh3 Ra7 21. Rg3 Kh7 22. h5
Raf7 23. Ke2 Bb7 24. Nh4 Be7 25. Nf3 Bc5 26. Rg6 Bc8 27. Rf1 Ne7 28. Rg4 Bb7 29.
Nxd4 Bc8 30. Rg3 g5 31. hxg6+ Nxg6 32. Qe3 Rh8 33. Rh1 Kg7 34. Qf4 Qc7 35. Nf3
h5 36. Qg5 Rh6 37. Rxh5 1-0

[Event "41st Olympiad Women 2014"]
[Site "Tromso NOR"]
[Date "2014.08.05"]
[Round "4.31"]
[Board "2"]
[White "Miller, Rachel"]
[Black "Guo, Emma"]
[Result "0-1"]
[WhiteTitle "WFM"]
[BlackTitle "WIM"]
[WhiteElo "1782"]
[BlackElo "2044"]
[WhiteTeam "Jamaica"]
[BlackTeam "Australia"]
[WhiteFideId "7401302"]
[BlackFideId "3200795"]
[EventDate "2014.08.02"]

1. e4 e5 2. Nf3 Nc6 3. Bc4 Bc5 4. c3 Qe7 5. Bb3 d6 6. O-O Nf6 7. d3 h6 8. h3 O-O
9. Re1 a6 10. Nbd2 Be6 11. Nf1 Bxb3 12. axb3 Qd7 13. N3h2 d5 14. Qf3 dxe4 15.
dxe4 Qe6 16. b4 Bb6 17. Ng3 Ne7 18. Nf5 Rfe8 19. Ng4 Nxg4 20. hxg4 Nxf5 21. gxf5
Qf6 22. g4 c5 23. bxc5 Bxc5 24. g5 hxg5 25. Qg3 Be7 26. Kg2 Rad8 27. Rh1 g6 28.
fxg6 Qxg6 29. f3 Bf6 30. Be3 Kg7 31. Rh2 Rh8 32. Rah1 Rh4 33. Bxg5 Rxh2+ 34.
Qxh2 Rd2+ 35. Kf1 Rxh2 36. Rxh2 Bxg5 37. Rg2 Qf6 38. Ke2 Qf4 39. Rf2 Qc1 40. Kd3
b5 41. Re2 Qd1+ 42. Rd2 Qxd2# 0-1

[Event "41st Olympiad Women 2014"]
[Site "Tromso NOR"]
[Date "2014.08.05"]
[Round "4.31"]
[Board "3"]
[White "Dekic, Biljana N."]
[Black "Smith, Melisha"]
[Result "1-0"]
[WhiteTitle "WIM"]
[BlackTitle "WCM"]
[WhiteElo "2048"]
[BlackElo "1747"]
[WhiteTeam "Australia"]
[BlackTeam "Jamaica"]
[WhiteFideId "3200493"]
[BlackFideId "7400691"]
[EventDate "2014.08.02"]

1. e4 c5 2. c3 e6 3. d4 cxd4 4. cxd4 d5 5. e5 Nc6 6. Nf3 Nge7 7. Be2 Qb6 8. b3
Nf5 9. Bb2 Bb4+ 10. Kf1 O-O 11. g3 Bd7 12. Kg2 f6 13. exf6 Rxf6 14. Rf1 Raf8 15.
Qd3 Be8 16. a3 Bg6 17. Qb5 Qxb5 18. Bxb5 Ba5 19. b4 Bb6 20. Bxc6 bxc6 21. Nbd2
Nd6 22. Ne5 Be4+ 23. f3 Bc2 24. Nd7 Ba4 25. Nxf6+ Rxf6 26. Rac1 Nf5 27. Rfe1
Bxd4 28. Bxd4 Nxd4 29. f4 Kf7 30. Re3 Ke7 31. Rd3 1-0

[Event "41st Olympiad Women 2014"]
[Site "Tromso NOR"]
[Date "2014.08.05"]
[Round "4.31"]
[Board "4"]
[White "Gray, Krishna"]
[Black "Yu, Sally"]
[Result "0-1"]
[WhiteElo "1728"]
[BlackElo "1953"]
[WhiteTeam "Jamaica"]
[BlackTeam "Australia"]
[WhiteFideId "7400659"]
[BlackFideId "3206718"]
[EventDate "2014.08.02"]

1. d4 Nf6 2. Nf3 g6 3. e3 Bg7 4. Bd3 O-O 5. Nbd2 d6 6. O-O Nbd7 7. b3 e5 8. Bb2
Re8 9. e4 Nh5 10. dxe5 dxe5 11. Re1 Nf4 12. Bf1 Qe7 13. Nc4 Rd8 14. Qc1 f6 15.
g3 Ne6 16. Qe3 Nb6 17. Rad1 Bf8 18. Rxd8 Qxd8 19. Be2 Bc5 20. Qd3 Qe7 21. Rd1 a5
22. a4 Nxc4 23. Qxc4 b6 24. Qd5 Rb8 25. Bc4 Kf7 26. Nxe5+ fxe5 27. Qxe5 Bd7 28.
Qxc7 Rd8 29. Qe5 Ke8 30. Qh8+ Qf8 31. Qf6 Qxf6 32. Bxf6 Be7 33. Bxe7 Kxe7 34. f3
Ng5 35. Kf2 Rf8 36. Re1 Nxf3 37. Rd1 Nd2+ 38. Ke3 Nxc4+ 39. bxc4 Bxa4 40. Rd2
Rc8 41. Kd3 Rd8+ 42. Ke3 Rxd2 43. Kxd2 Ke6 44. Kc3 Ke5 45. Kd3 Bc6 0-1

[Event "41st Olympiad Women 2014"]
[Site "Tromso NOR"]
[Date "2014.08.05"]
[Round "4.32"]
[Board "1"]
[White "Cori T., Deysi"]
[Black "Goossens, Hanne"]
[Result "1-0"]
[WhiteTitle "WGM"]
[BlackTitle "WFM"]
[WhiteElo "2422"]
[BlackElo "2178"]
[WhiteTeam "Peru"]
[BlackTeam "Belgium"]
[WhiteFideId "3801934"]
[BlackFideId "200468"]
[EventDate "2014.08.02"]

1. d4 Nf6 2. Nf3 c5 3. e3 g6 4. Nbd2 cxd4 5. exd4 Bg7 6. Bd3 O-O 7. O-O Nc6 8.
Re1 d5 9. c3 Bg4 10. h3 Bxf3 11. Nxf3 Qc7 12. Bg5 Rfe8 13. Ne5 Nxe5 14. dxe5 Ne4
15. Bxe4 dxe4 16. Rxe4 Bxe5 17. Qe2 Bd6 18. Re1 e6 19. h4 Kg7 20. h5 f6 21. h6+
Kf7 22. Bxf6 Qd7 23. Bd4 Qe7 24. Qf3+ Kg8 25. Rxe6 Qxe6 26. Rxe6 Rxe6 27. g3
Rae8 28. Qxb7 Bf8 29. Be3 a6 30. a4 Rd8 31. Kg2 Rde8 32. b4 R8e7 33. Qd5 Re8 34.
b5 axb5 35. axb5 Bd6 36. c4 Kf7 37. c5 Be5 38. c6 Re7 39. b6 Re8 40. c7 Kf6 41.
Bg5+ Kxg5 42. c8=Q 1-0

[Event "41st Olympiad Women 2014"]
[Site "Tromso NOR"]
[Date "2014.08.05"]
[Round "4.32"]
[Board "2"]
[White "Morozova, Iuliia"]
[Black "Apaza, Flor"]
[Result "1-0"]
[WhiteTitle "WFM"]
[WhiteElo "2060"]
[BlackElo "1552"]
[WhiteTeam "Belgium"]
[BlackTeam "Peru"]
[WhiteFideId "14104946"]
[BlackFideId "3801888"]
[EventDate "2014.08.02"]

1. f4 d6 2. Nf3 g6 3. e4 Bg7 4. Nc3 Nc6 5. Bb5 Bg4 6. Bxc6+ bxc6 7. h3 Bc8 8. d3
e5 9. O-O Ne7 10. Be3 exf4 11. Bxf4 O-O 12. Qd2 Rb8 13. b3 Re8 14. Bh6 Bh8 15.
Rae1 c5 16. Nd1 Nc6 17. Ne3 Nd4 18. Qf2 f5 19. Ng5 Bf6 20. h4 c6 21. g4 Rb7 22.
gxf5 gxf5 23. c3 Nb5 24. Nxf5 Bxc3 25. Qg2 Kh8 26. Re2 Rg8 27. Kh1 Rg6 28. Ref2
Bf6 29. Bg7+ Bxg7 30. Nxg7 Kxg7 31. Rf7+ Kg8 32. Qf3 Qa5 33. Rf8+ Kg7 34. Rxc8
Kh6 35. Qf4 Kh5 36. Qf3+ Kh6 37. Qe3 Kg7 38. Qf2 Kh6 39. Rh8 Kg7 40. Rxh7+ Kg8
41. Qf8# 1-0